000 02047nam a2200337 a 4500
001 000004035
003 DO-SdBNP
005 20260306141520.0
008 090716s2002 dr ad 001 0 spa d
020 _a9993487910
040 _aDO-SdBNP
_bspa
_cBNPHU
082 4 _a337.72930759
_bC758a
_222
245 0 3 _aLa construcción de una alianza estratégica :
_bRepública Dominicana - Estado de Florida /
_ceditor Frederic Emam-Zadé ; palabras introductorias Leonel Fernández Reyna ; prefacio Eduardo A. Gamarra.
260 _aSanto Domingo :
_bFUNGLODE :
_bLatin American and Caribbean Centre,
_c2002.
300 _a108 p. :
_bil., gráfcs. ;
_c24cm.
504 _aBibliografía : p. 107-108
505 0 _gPalabras introductorias --
_tRepública Dominicana y Florida: socios naturales --
_tLas fortalezas de Florida, como centro de servicios hemisférico --
_tSituación económica de la República Dominicana --
_tComercio entre la República Dominicana y Florida --
_tDesafíos de la asociación estratégica y acciones recomendadas --
_tEntidades dominicanas que colaboran en el fortalecimiento de los vínculos, relaciones económicas, educativas, culturales entre la República Dominicana y el Estado de Florida.
_tEntidades floridianas que colaboran en el fortalecimiento de los vínculos, relaciones económicas, educativas, culturales entre la República Dominicana y el Estado de Florida.
590 _aInventariado, 2018/LP
650 4 _aZonas francas
_zRepública Dominicana
_98349
650 4 _aInversiones
_zEstados Unidos
_912058
650 0 _aInversiones
_zRepública Dominicana
_912059
650 0 _aRelaciones comerciales
_912060
651 4 _aRepública Dominicana
_xComercio
_zFlorida
_912056
651 4 _aFlorida
_xComercio
_zRepública Dominicana
_912057
651 4 _aRepública Dominicana
_xCondiciones Económicas
_9281
700 1 _aEmam-Zadé, Frederic,
_eed.
_912061
700 1 _aFernández, Leonel,
_d1953-
_97291
700 1 _aGamarra, Eduardo A.
_912062
910 _aValidado. Control de calidad EMS
942 _2ddc
_cLBS1
999 _c3854
_d3854